Ako je na tom finančné zdravie našich miest a obcí?

Finančné zdravie mesta hovorí o tom, do akej miery je hospodárenie udržateľné a či spôsobuje, alebo nespôsobuje problémy. Analýza 50 najväčších miest, na ktoré sa INEKO zameralo ukázala, že niektoré samosprávy majú problémy dodržiavať zákonne limity hospodárenia.

Gespeichert in:
Bibliographische Detailangaben
1. Verfasser: Neupauerová, Zuzana
Format: Buchkapitel
Sprache:Slowakisch
Schlagworte:
Tags: Tag hinzufügen
Keine Tags, Fügen Sie das erste Tag hinzu!

MARC

LEADER 00000nla a2200000 4500
001 0175638
005 20240502073010.0
041 0 |a slo 
044 |a SK 
245 1 0 |a Ako je na tom finančné zdravie našich miest a obcí?  |c Zuzana Neupauerová 
520 |a Finančné zdravie mesta hovorí o tom, do akej miery je hospodárenie udržateľné a či spôsobuje, alebo nespôsobuje problémy. Analýza 50 najväčších miest, na ktoré sa INEKO zameralo ukázala, že niektoré samosprávy majú problémy dodržiavať zákonne limity hospodárenia. 
610 2 0 |a samospráva 
610 2 0 |a obce 
610 2 0 |a mestá 
610 2 0 |a hospodárenie finančné 
610 2 0 |a financie komunálne 
610 2 0 |a dlhy verejné 
610 2 0 |a zadlženosť 
100 1 |a Neupauerová, Zuzana